000
00322nam a2200133Ia 4500
008
231129s1970||||xx |||||||||||||| ||spa||
040
_b
spa
082
_a
382 i54p
100
_a
Ingram James
245
0
_a
Problemas economicos internacionales
260
_c
1970
264
_a
Amorrortu Editores-Rtac
942
_2
ddc
_c
BKS
999
_c
23267
_d
23267